Click The Marvel Title - Statistics

General Stats
  • This quiz has been taken 97 times
  • The average score is 13 of 15
Answers on the Grid
Answers color-coded by a green-red scale on the quiz's grid according to % correct below.
The Dark Knight
End Game
Days of Future Past
Indiana Jones
Les Miserables
Age Of Ultron
The Last Dance
James Bond
Rocky III
The Simpsons Movie
Ragnarok
Guardians of the Galaxy
Terminator
Back to the Future
Wakanda Forever
Hot Tub Time Machine
Civil War
The God Father
Let There Be Carnage
No Way Home
Logan
Gone Like the Wind
The Dark Knight Rises
Fantastic Four
Hunger Games
First Class
Lord of the Rings
Kraven The Hunter
The Walking Dead
Brave New World
 
Answer Stats
Answer % Correct
Guardians of the Galaxy
99%
Age Of Ultron
97%
Ragnarok
97%
Civil War
96%
End Game
96%
Wakanda Forever
96%
No Way Home
95%
Fantastic Four
93%
Let There Be Carnage
86%
Logan
85%
Brave New World
84%
Days of Future Past
82%
Kraven The Hunter
81%
First Class
78%
The Last Dance
70%
No matching quizzes found
Score Distribution
Percent of People with Each Score
Percentile by Number Answered
Your Score History
You have not taken this quiz